000 00511nam a22001937a 4500
003 KOHA_MİRAKIL
005 20250930155634.0
008 250930b tu ||||| |||| 00| 0 tur d
020 _a9786055290344
040 _aTR-AnABB
_btur
_cTR-AnABB
041 _atur
082 _a823.914
_bBUD 2017
100 1 _aBudge, Vallis,
245 1 0 _aSaba melikesi Belkıs /
260 _aAnkara :
_bYurt Kitap,
_c2017
300 _a294 sayfa ;
_c21 cm
650 0 4 _aİngiliz edebiyatı, roman
942 _2ddc
_cBK
999 _c8994
_d8994
900 _bGizem YORULMAZ